| 000 | 00725cam a22002171 4500 | ||
|---|---|---|---|
| 001 | sa 67000358 | ||
| 003 | DLC | ||
| 005 | 20260227112314.0 | ||
| 008 | 890514s1957 io 000 0 ind | ||
| 010 | _asa 67000358 | ||
| 035 | _a(OCoLC)23544801 | ||
| 040 |
_aDLC _cMiU _dDLC |
||
| 042 | _apremarc | ||
| 050 | 0 | 0 |
_aBP184.9.B5 _bI53 |
| 110 | 1 |
_aIndonesia. _bMadjelis Pertimbangan Kesehatan dan SjaraŹ». |
|
| 245 | 1 | 0 | _aSoal pemindahan darah: ditindjau dari segi ilmu kedokteran dan hukum agama. |
| 260 |
_a[Djakarta] _bDjambatan, _c1957. |
||
| 300 |
_a45 p. _c20 cm. |
||
| 650 | 0 |
_aBlood _xTransfusion _xMoral and ethical aspects. |
|
| 810 | 1 |
_aIndonesia. _bMadjelis Pertimbangan Kesehatan dan SjaraŹ». _tFatwa ; _v1956, no. 6. |
|
| 999 |
_c71934 _d71934 |
||